00313nam a2200133Ia 45000030006000000080041000060400015000471000026000622450023000882600035001113000006001465460010001520050017001620STCL150530s9999 xx 000 0 und d aSTCLcSTCL aVishnu Chandra Sharma aAkash Vimajith Hai bSamkalp Prakashan; Delhic1944 a0 aHindi20220125171212.0